| 000 | 00624nam a22002177a 4500 | ||
|---|---|---|---|
| 003 | LK-CoMWRAF | ||
| 005 | 20230910233334.0 | ||
| 008 | 230910b2003 |||||||| |||| 00| 0 eng d | ||
| 020 | _a9556250239 | ||
| 040 |
_aLK-CoMWRAF _dLK-CoMWRAF _eLK-CoMWRAF |
||
| 041 | _aeng | ||
| 082 |
_a306 _bMAN |
||
| 100 | _aManjoo, Rashida | ||
| 245 |
_aPeace and reconciliation in South Africa : _bWhat lessons? |
||
| 260 |
_aColombo : _bMuslim Women's Research and Action Forum, _c2003 |
||
| 300 | _avii, 21 p. ; 23 cm. | ||
| 490 | _aOccasional paper ; no. 2 | ||
| 650 | _aSocial Sciences | ||
| 650 | _aSocial Services | ||
| 942 | _cBK | ||
| 999 |
_c3539 _d3539 |
||